|
|
|
|
| LEADER |
00000nam a22000007a 4500 |
| 005 |
20210909115349.0 |
| 007 |
cr|||| |||| |
| 008 |
210909s2020 co |||||s|||| 00||0 spa d |
| 020 |
|
|
|a 978-958-792-229-5
|
| 035 |
|
|
|a 35034
|
| 040 |
|
|
|a vLex
|
| 090 |
|
|
|c 12360
|d 12360
|
| 245 |
0 |
0 |
|a Epidemiologa̕ y Educacin̤
|h [Recurso electrn̤ico] /
|
| 256 |
|
|
|a Servicio en ln̕ea
|
| 260 |
|
|
|a Bogot:̀
|b Ediciones de la U,
|c 2020
|
| 300 |
|
|
|a 1 recurso electrn̤ico
|
| 500 |
|
|
|a Este interesante trabajo liderado por el epidemil̤ogo Dr. Luis Fernando Cruz enfoca la epidemiologa̕ desde una innovadora perspectiva. Recoge all ̕la reflexin̤ y la prc̀tica que ha proseguido ľ por largos aǫs, desde su experiencia como investigador, como profesor universitario, como gestor de exitosos procesos de cambio en la comunidad. A partir de una reflexin̤ hols̕tica que supera aproximaciones parciales de la ciencia y de la tčnica, propone un enfoque cientf̕ico, filosf̤ico, sociolg̤ico, histr̤ico que interrelaciona estos campos del saber desde una mirada sistm̌ica, inspirada en los presupuestos del pensamiento complejo contemporǹeo.
|
| 506 |
1 |
|
|a Disponible solo en los productos indicados
|d vLex Global
|d vLex Global (Academic Edition, excluding Law Schools)
|d vLex Global (U.S. Academic Edition, Law Schools)
|d vLex Global (U.S. Academic Edition, excluding Law Schools)
|d vLex Global (Academic Edition, Law Schools)
|
| 650 |
0 |
4 |
|a Ciencias sociales
|z Colombia
|
| 740 |
0 |
|
|a vLex Libros (Servicio en ln̕ea)
|
| 856 |
4 |
0 |
|u https://app.vlex.com/#/sources/35034
|z Acceso restringido
|
| 942 |
|
|
|c BOOK
|
| 999 |
0 |
|
|a Social Sciences
|